000 00564 a2200181 4500
003 OSt
005 20230915152032.0
008 230915b |||||||| |||| 00| 0 eng d
020 _a9789963916375
040 _coclc
082 _a613.2
_bMCR/W
100 1 _aMcRobert, Stuart
_99487
245 _aWeight-loss salvation:
_bhow real people lose weight and keep it off /
_cStuart McRobert, Bradley Cailor
250 _a1st ed.
260 _aCyprus:
_bC S publishing
_c2010.
300 _a479 p
942 _2ddc
_cBK
_h613.2
_iMCR/W
_k613.2
_mMCR/W
999 _c42475
_d42475